00895nam a22002537a 4500003000500000005001700005008004100022010001000063011001000073035001000083040000900093082001400102110005900116245004700175260007500222300000600297490002500303500003400328505017800362650002600540650002600566650002400592830002500616CHAP20220817041827.0971013s r 00010 d a25764 a26736 a30837 cCHAP a581.5bI5 aInternational Biological Programme. Japanese Committee aUse and management of biological resources aTokyo :bInternational Biological Programme. Japanese Committee,c19 - av aJIBP synthesisv; 5- aLa biblioteca tiene: v.1, v.2 aContenido: v.1 Adaptability in plants with special reference to crop yields.- v.2 Gene conservation; exploration, collection, presevation and utilization of genetic resource14aAdaptación vegetal.14aFisiología vegetal.14aGenética vegetal.0 aJIBP synthesisv; 5-